=LDR 00000nam 2200000 4500 =001 INLIS000000000033880 =005 20130612135818 =008 ***********************************ind** =035 ##$$a0010-061300000033880 =041 ##$$a ind =082 ##$$a 647 =090 ##$$a 647, Gaf c =100 ##$$a Gaffar, Vanessa =245 ##$$a CRM dan MPR Hotel ( Customer Relationship Menagement and Marketing Pablic Relations ), Oleh Vanessa Gaffar =260 ##$$a 2007 $b Bandung =300 ##$$a vi, 174 hlm, ilus, 24 cm =650 ##$$a Hotel - Losmen =850 ##$$a NBPNMAT =990 ##$$a 0001/BPAP-NTB/20142014